Vliv zvolených faktorů na výsledek elektronických reverzních aukcí

Skúmanie vplyvu vybraných faktorov na výsledky elektronických reverzných aukcií a tým na dosiahnuté úspory. Vzorka približne 16 000 prípadov elektronických aukcií. Metóda výpočtu úspor a použitie porovnávacej alebo počiatočnej ceny ovplyvňujú výsledok aukcie, ako aj jednotlivé vybrané faktory vstupu...

Descripción completa

Guardado en:
Detalles Bibliográficos
Autor principal: Klézl, Vojtěch
Otros Autores: Delina, Radoslav, Senderáková, Lenka, Tkáč, Michal, ml., 1984-
Formato: Capítulo de libro
Lenguaje:checo
Materias:
Etiquetas: Agregar Etiqueta
Sin Etiquetas, Sea el primero en etiquetar este registro!

MARC

LEADER 00000naa a2200000 4500
001 0271682
005 20240502083827.0
041 0 |a cze 
044 |a CZ 
245 1 0 |a Vliv zvolených faktorů na výsledek elektronických reverzních aukcí  |c Vojtěch Klézl, Radoslav Delina, Lenka Senderáková, Michal Tkáč ml. 
520 |a Skúmanie vplyvu vybraných faktorov na výsledky elektronických reverzných aukcií a tým na dosiahnuté úspory. Vzorka približne 16 000 prípadov elektronických aukcií. Metóda výpočtu úspor a použitie porovnávacej alebo počiatočnej ceny ovplyvňujú výsledok aukcie, ako aj jednotlivé vybrané faktory vstupujúce do modelu (hodnota e-aukcie, počet zmien, počet rozšírení, počet uchádzačov, počet položiek). 
610 2 0 |a aukcie 
610 2 0 |a transparentnosť 
610 2 0 |a obstarávanie 
610 2 0 |a úspory 
100 1 |a Klézl, Vojtěch 
700 1 |a Delina, Radoslav 
700 1 |a Senderáková, Lenka 
700 1 |a Tkáč, Michal, ml., 1984-